000 00538nam a2200217Ia 4500
003 0100
008 130303s9999 xx 000 0 und d
020 _a0041210182
040 _cARRUPELIB
050 _aBF181.T45 1977
100 _aThines, Georges
245 _aPhenomenology and the science of behaviour
245 _ban historical and epistemological approach
260 _aLondon
260 _bGeorge Allen and Unwin
260 _C1977
300 _a174p.
300 _b 24cm.
650 _aEPISTEMOLOGY
942 0 0 _05
999 _c16648
_d16648